Official Titles of the British Monarchs - Statistics

General Stats
  • This quiz has been taken 309 times
  • The average score is 36 of 65
Answer Stats
Answer % Correct
King and Queen of {England}
98%
King and Queen of {England},
98%
King of {England}
98%
King of {England},
98%
King of the {English}
98%
King of the {English},
98%
Queen of {England},
98%
and the {British Dominions} beyond the Seas King,
91%
and of the {British Dominions} beyond the Seas King,
89%
and {Ireland},
88%
and Lord of {Ireland}
88%
{Ireland}
88%
Lord of {Ireland},
88%
Lord of {Ireland}
88%
{Scotland},
87%
and the {British Dominions} beyond the Seas Queen,
84%
Queen of {Great Britain},
80%
Emperor of {India}
75%
Empress of {India}
75%
King of {Great Britain},
75%
of {Great Britain},
75%
and {France},
74%
and of {France}
74%
and of {France},
74%
{France}
74%
{France},
74%
Heir and Regent of {France}
74%
Duke of {Normandy}
72%
Duke of the {Normans}
72%
Princes of {Spain}
64%
{Spain},
64%
and of Her other {Realms}
63%
and of His other {Realms}
62%
Stadtholder of the {Republic of the Seven United Netherlands},
61%
and {Territories} Queen,
52%
King of {Hanover},
52%
and {Territories} King,
47%
Archduke and Archduchess of {Austria},
43%
Archdukes of {Austria},
43%
of the {United Kingdom of Great Britain and Northern Ireland}
40%
Prince of {Orange},
37%
Archtreasurer and Prince-Elector of the {Holy Roman Empire},
34%
Arch-treasurer and Prince-Elector of the {Holy Roman Empire},
34%
and {Aquitaine},
33%
and Duke of {Aquitaine}
33%
Count of the {Angevins}
31%
{Burgundy},
26%
Duke and Duchess of {Burgundy},
26%
of the {United Kingdom of Great Britain and Ireland}
24%
of the {United Kingdom of Great Britain and Ireland} King,
24%
of the {United Kingdom of Great Britain and Ireland} Queen,
24%
both the {Sicilies}
21%
and {Sicily},
20%
{Flanders},
20%
{Flanders}
20%
{Naples},
19%
{Jerusalem}
17%
{Jerusalem},
17%
Duke of {Brunswick-Luneburg}
16%
Count of {Nassau},
15%
Dukes of {Milan},
13%
{Milan}
13%
and {Brabant},
12%
and {Tyrol}
8%
and Prince of {Chester}
5%
No matching quizzes found
Score Distribution
Percent of People with Each Score
Percentile by Number Answered
Your Score History
You have not taken this quiz